|
|
|
|
| LEADER |
00000nam0a2200000 4500 |
| 001 |
70354 |
| 005 |
20231101212515.0 |
| 010 |
|
|
|a 5949380274
|
| 035 |
|
|
|a (RuTPU)RU\TPU\book\74915
|
| 090 |
|
|
|a 70354
|
| 100 |
|
|
|a 20041122d2005 km y0rusy50 ca
|
| 101 |
1 |
|
|a rus
|c eng
|
| 102 |
|
|
|a RU
|
| 105 |
|
|
|a a z 001zy
|
| 200 |
1 |
|
|a Бизнес-процессы. Инструменты для совершенствования: пер. с англ./ Б. Андерсен
|e пер. с англ.
|f Б. Андерсен
|
| 205 |
|
|
|a 3-е изд.
|
| 210 |
|
|
|a Москва
|c Стандарты и качество
|d 2005
|
| 215 |
|
|
|a 272 с.
|c ил.
|
| 225 |
1 |
|
|a Практический менеджмент
|
| 320 |
|
|
|a Указатели: с. 267-271.
|
| 606 |
|
|
|a Бизнес
|x Теория
|2 stltpush
|3 (RuTPU)RU\TPU\subj\28637
|9 52152
|
| 606 |
|
|
|a Качество продукции
|x Управление
|2 stltpush
|3 (RuTPU)RU\TPU\subj\14180
|9 40640
|
| 610 |
1 |
|
|a бизнес-процессы
|
| 610 |
1 |
|
|a управление
|
| 610 |
1 |
|
|a качество
|
| 610 |
1 |
|
|a менеджмент
|
| 610 |
1 |
|
|a фирмы
|
| 610 |
1 |
|
|a фирмы-производители
|
| 610 |
1 |
|
|a компании
|
| 610 |
1 |
|
|a показатели
|
| 610 |
1 |
|
|a совершенствование
|
| 610 |
1 |
|
|a документирование
|
| 610 |
1 |
|
|a документированные процедуры
|
| 610 |
1 |
|
|a изменения
|
| 610 |
1 |
|
|a самооценка
|
| 610 |
1 |
|
|a улучшение
|
| 610 |
1 |
|
|a диаграммы
|
| 610 |
1 |
|
|a анализ
|
| 610 |
1 |
|
|a гистограммы
|
| 610 |
1 |
|
|a графы
|
| 610 |
1 |
|
|a генерация
|
| 610 |
1 |
|
|a идеи
|
| 610 |
1 |
|
|a мозговой штурм
|
| 610 |
1 |
|
|a упрощения
|
| 610 |
1 |
|
|a идеализация
|
| 610 |
1 |
|
|a реинжиниринг
|
| 610 |
1 |
|
|a бенчмаркинг
|
| 610 |
1 |
|
|a командная работа
|
| 610 |
1 |
|
|a командная экономика
|
| 610 |
1 |
|
|a принятие решений
|
| 675 |
|
|
|a 658.562
|v 3
|
| 686 |
|
|
|a У012.12
|v LBC/SL-A
|2 rubbk
|
| 700 |
|
1 |
|a Андерсен
|b Б.
|g Бьёрн
|
| 801 |
|
1 |
|a RU
|b 63413507
|c 20041122
|g PSBO
|
| 801 |
|
2 |
|a RU
|b 63413507
|c 20171003
|g PSBO
|
| 900 |
|
|
|a Методы и средства управления бизнес-процессами
|
| 942 |
|
|
|c BK
|
| 959 |
|
|
|a 163/20041122
|d 1
|e 264
|f ЧЗКДП:1
|
| 959 |
|
|
|a 55/20050628
|d 1
|e 240
|f НФ:1
|
| 959 |
|
|
|a 38/20130218
|d 2
|e 319,00
|f АНЛ:1
|f УФ:1
|